Bullseye Blitz: Religion! Quiz Stats

 Plays Quiz Updated May 10, 2019

Score 0/48 Timer 04:00
0 Plays Today
% Correct
Bangladesh
94.2%
India
94.1%
Peter/Pontian
93.9%
Lust
93.2%
Paschal/Pelagius
91.6%
Paul
91.6%
Greed
91.3%
Neptune
89.5%
Sun, moon, stars
89.1%
Venus
88.8%
Earth, seas, vegetation
88.3%
Mars
87.8%
Buddhist
87.4%
Boar (Erymanthian)
83%
Hind (Ceryneian)
82.8%
Pakistan
80.8%
Artemis
80.5%
Gluttony
79.9%
Heaven
78.8%
Mercury
78.4%
Ares
78.2%
Chinese Traditional
78.1%
Leviticus
76.4%
Genesis
76.2%
% Correct
Hindu
75.5%
Flies
74.9%
Lice/Gnats
72.8%
War
71.4%
Amphibians
70.8%
Death
70.5%
Light
66.9%
Exodus
66.3%
Apollo
65.5%
Bhutan (75%)
64.9%
Famine
64.2%
Indonesia
62.6%
Envy
62.2%
Myanmar (88%)
61.6%
Thailand (93%)
58.1%
Pius
55.1%
Deuteronomy
51.8%
Water to Blood
51.8%
Pestilence
48.6%
Hydra (Lernaean)
44.6%
Aphrodite
42.5%
Secular (non-religious)
34%
Cambodia (97%)
33.7%
Lion (Nemean)
33.6%

You're not logged in!

Compare scores with friends on all Sporcle quizzes.
OR
Log In

Sporcle TV

Today on Sporcle TV


Watch our educational content, quiz creation guides, and fun videos on Sporcle TV.

Show Comments

Extras

Top Quizzes Today


Score Distribution

Your Account Isn't Verified!

In order to create a playlist on Sporcle, you need to verify the email address you used during registration. Go to your Sporcle Settings to finish the process.

Report this User

Report this user for behavior that violates our Community Guidelines.

Details: